000 00885nam a2200229 a 4500
999 _c470454
_d470454
003 BLK
005 20230802005214.0
008 220816b bu |||||r|||| 00| | bu d
040 _aBLK
041 _aBUL
_cBUL
080 _aБългарска литература
_b821.163.2
_x-1
_z821.163.2-1
100 _aПенчева, Станка Михайлова
_9364065
139 _aПенчева, Станка Михайлова
245 _aХляб и сол
_bСтихове
_cСтанка Пенчева ; худож. Георги Пенчев
260 _9209596
_aПловдив
_bХристо Г. Данов
_c1973
300 _a85 с.
_bс ил.
_c21 см
380 _aX
700 _91637
_aПенчев, Георги
_eхудож.
852 _aЦб 69707
_bЦб
942 _cKNG
_n0
_s1
944 _aCR
_c2022-08-16
_k
_lCRON CRON